000 00777nam a22001935i 4500
001 165629
003 ES-MaACL
005 20250703063542.0
008 050905s1858 fr | |||||||| ||fre d
040 _aCAM
_bspa
_cCAM
100 1 _aSoulié, Frédéric,
_d1800-1847
_9107564
245 1 4 _aLes forgerons /
_cpar Frédéric Soulié.
260 _aParis :
_bMichel Lévy frères libraires-éditeurs,
_c1858 (
_eSaint-Germain-en-Laye :
_fImprimerie de Beau)
300 _a308 p. ;
_c18 cm.
490 1 _aCollection Michel Lévy. Oeuvres complètes de Frédéric Soulié
830 0 _aCollection Michel Lévy. Oeuvres complètes de Frédéric Soulié
_9188559
852 _aES-MaACL
_jD-1438
_z-- Enc. hol.
_z-- Legado M. de la Fuente
999 _c165629
_d165629